Quartiers de Caen - Carte Quiz - Statistiques

Statistiques générales
  • Ce quiz a été pris 78 fois
  • Le résultat moyen est 6 sur 20
Réponses sur la Carte
Les réponses sont colorées sur une échelle allant du rouge au vert en fonction du pourcentage des utilisateurs qui les ont devinées à leur premier essai. Vous pouvez retrouver ces pourcentages ci-dessous.
 
Statistiques - réponses
Réponse % Correct
Chemin Vert
50%
Université
43%
Bas de Venoix - Prairie
39%
La Folie-Couvrechef
39%
La Pierre-Heuzé
39%
La Guérinière
37%
Calvaire Saint-Pierre
35%
La Grâce-de-Dieu
35%
Le Port
33%
Venoix
30%
Sainte-Thérèse-Demi-Lune
28%
Vaucelles
26%
Centre ancien
24%
Saint-Jean-Eudes - Saint-Gilles
24%
Beaulieu - La Maladrerie - Saint-Paul
20%
Hastings
20%
La Haie Vigné
20%
Saint-Jean
20%
Saint-Ouen
20%
La Verte Vallée
13%
Aucun quiz correspondant
Distribution des résultats
% des personnes avec chaque résultat
Percentile par nombre de réponses
Votre historique - résultats
Vous n’avez pas pris ce quiz